<?xml version="1.0" encoding="UTF-8"?>
<collection xmlns="http://www.loc.gov/MARC21/slim">
 <record>
  <leader>02211pam a22002778a 4500</leader>
  <controlfield tag="001">00022642</controlfield>
  <controlfield tag="005">20171026081022.0</controlfield>
  <controlfield tag="008">110601s2005                  ||||||Viesd</controlfield>
  <datafield tag="041" ind1="0" ind2="#">
   <subfield code="a">Vie</subfield>
  </datafield>
  <datafield tag="082" ind1="1" ind2="4">
   <subfield code="a">743.4</subfield>
   <subfield code="b">H312H</subfield>
  </datafield>
  <datafield tag="100" ind1="0" ind2="#">
   <subfield code="a">Triệu Khắc Lễ</subfield>
  </datafield>
  <datafield tag="245" ind1="0" ind2="0">
   <subfield code="a">Hình họa 2</subfield>
   <subfield code="b">Giáo trình cao đẳng sư phạm</subfield>
   <subfield code="c">Triệu Khắc Lễ</subfield>
  </datafield>
  <datafield tag="260" ind1="#" ind2="#">
   <subfield code="a">H.</subfield>
   <subfield code="b">Đại học sư phạm</subfield>
   <subfield code="c">2005</subfield>
  </datafield>
  <datafield tag="300" ind1="#" ind2="#">
   <subfield code="a">326 tr.</subfield>
   <subfield code="c">24 cm.</subfield>
  </datafield>
  <datafield tag="500" ind1="#" ind2="#">
   <subfield code="a">ĐBS ghi: Bộ GD và ĐT. Dự án đào tạo giáo viên THCS</subfield>
  </datafield>
  <datafield tag="653" ind1="#" ind2="#">
   <subfield code="a">Chân dung</subfield>
  </datafield>
  <datafield tag="653" ind1="#" ind2="#">
   <subfield code="a">Hình họa</subfield>
  </datafield>
  <datafield tag="653" ind1="#" ind2="#">
   <subfield code="a">Vẽ</subfield>
  </datafield>
  <datafield tag="653" ind1="#" ind2="#">
   <subfield code="a">Phác họa</subfield>
  </datafield>
  <datafield tag="653" ind1="#" ind2="#">
   <subfield code="a">Người</subfield>
  </datafield>
  <datafield tag="852" ind1="#" ind2="#">
   <subfield code="b">Kho giáo trình</subfield>
   <subfield code="j">KGT.0013636, KGT.0013637, KGT.0013638, KGT.0013639, KGT.0013640, KGT.0013641, KGT.0013642, KGT.0013643, KGT.0013644, KGT.0013645, KGT.0013646, KGT.0013647, KGT.0013648, KGT.0013649, KGT.0013650, KGT.0013651, KGT.0013652, KGT.0013653, KGT.0013654, KGT.0013655, KGT.0013656, KGT.0013657, KGT.0013658, KGT.0013659, KGT.0013660, KGT.0013661, KGT.0013662, KGT.0013663, KGT.0013664, KGT.0013665, KGT.0013666, KGT.0013667, KGT.0013668, KGT.0013669, KGT.0013670, KGT.0013671, KGT.0013672, KGT.0013673, KGT.0013674, KGT.0013675, KGT.0013676, KGT.0013677, KGT.0032960, KGT.0033000, KGT.0033118, KGT.0033165, KGT.0033381, KGT.0033451, KGT.0034264</subfield>
  </datafield>
  <datafield tag="852" ind1="#" ind2="#">
   <subfield code="j">KGT.0013651</subfield>
   <subfield code="j">KGT.0013652</subfield>
   <subfield code="j">KGT.0013654</subfield>
   <subfield code="j">KGT.0013655</subfield>
   <subfield code="j">KGT.0013659</subfield>
   <subfield code="j">KGT.0013661</subfield>
   <subfield code="j">KGT.0013662</subfield>
   <subfield code="j">KGT.0013664</subfield>
   <subfield code="j">KGT.0013665</subfield>
   <subfield code="j">KGT.0013669</subfield>
   <subfield code="j">KGT.0013670</subfield>
   <subfield code="j">KGT.0013672</subfield>
   <subfield code="j">KGT.0013673</subfield>
   <subfield code="j">KGT.0013677</subfield>
   <subfield code="j">KGT.0013636</subfield>
   <subfield code="j">KGT.0013638</subfield>
   <subfield code="j">KGT.0013639</subfield>
   <subfield code="j">KGT.0013641</subfield>
   <subfield code="j">KGT.0013642</subfield>
   <subfield code="j">KGT.0013646</subfield>
   <subfield code="j">KGT.0013647</subfield>
   <subfield code="j">KGT.0013649</subfield>
   <subfield code="j">KGT.0033000</subfield>
   <subfield code="j">KGT.0033451</subfield>
   <subfield code="j">KGT.0049173</subfield>
   <subfield code="j">KGT.0013643</subfield>
   <subfield code="j">KGT.0013644</subfield>
   <subfield code="j">KGT.0013657</subfield>
   <subfield code="j">KGT.0013658</subfield>
   <subfield code="j">KGT.0013666</subfield>
   <subfield code="j">KGT.0013667</subfield>
   <subfield code="j">KGT.0013675</subfield>
   <subfield code="j">KGT.0013676</subfield>
   <subfield code="j">KD.0007860</subfield>
   <subfield code="j">KGT.0033381</subfield>
   <subfield code="j">KGT.0032960</subfield>
   <subfield code="j">KGT.0033118</subfield>
   <subfield code="j">KGT.0033165</subfield>
   <subfield code="j">KGT.0013637</subfield>
   <subfield code="j">KGT.0013640</subfield>
   <subfield code="j">KGT.0013645</subfield>
   <subfield code="j">KGT.0013648</subfield>
   <subfield code="j">KGT.0013650</subfield>
   <subfield code="j">KGT.0013653</subfield>
   <subfield code="j">KGT.0013656</subfield>
   <subfield code="j">KGT.0013660</subfield>
   <subfield code="j">KGT.0013663</subfield>
   <subfield code="j">KGT.0013668</subfield>
   <subfield code="j">KGT.0013671</subfield>
   <subfield code="j">KGT.0013674</subfield>
   <subfield code="j">KGT.0034264</subfield>
   <subfield code="j">KGT.0055632</subfield>
  </datafield>
  <datafield tag="852" ind1="#" ind2="#">
   <subfield code="b">Kho đọc</subfield>
   <subfield code="j">KD.0007860</subfield>
  </datafield>
  <datafield tag="852" ind1="#" ind2="#">
   <subfield code="b">Kho mượn</subfield>
   <subfield code="j">KGT.0013636</subfield>
  </datafield>
  <datafield tag="910" ind1="0" ind2="#">
   <subfield code="a">kìm</subfield>
   <subfield code="d">01/06/2011</subfield>
  </datafield>
  <datafield tag="980" ind1="#" ind2="#">
   <subfield code="a">Trung tâm Học liệu Lê Vũ Hùng, Trường Đại học Đồng Tháp</subfield>
  </datafield>
 </record>
</collection>
